Men's Cycling 2017 UCI World Tour Race Winners - Statistics

General Stats
  • This quiz has been taken 510 times
  • The average score is 23 of 37
Answer Stats
Race Winner % Correct
Tour de France, France, 1–23 July Chris Froome
98%
Vuelta a España, Spain, 19 August  – 10 September Chris Froome
98%
GP de Québec, Canada, 8 September Peter Sagan
91%
Volta a Catalunya, Spain, 20–26 March Alejandro Valverde
87%
Tour of the Basque Country, Spain, 3–8 April Alejandro Valverde
87%
La Flèche Wallonne, Belgium, 19 April Alejandro Valverde
87%
Liège–Bastogne–Liège, Belgium, 23 April Alejandro Valverde
87%
Il Lombardia, Italy, 7 October Vincenzo Nibali
84%
Tour of Flanders, Belgium, 2 April Philippe Gilbert
81%
Amstel Gold Race, Netherlands, 16 April Philippe Gilbert
81%
Omloop Het Nieuwsblad, Belgium, 25 February Greg Van Avermaet
77%
E3 Harelbeke, Belgium, 24 March Greg Van Avermaet
77%
Gent–Wevelgem, Belgium, 26 March Greg Van Avermaet
77%
Paris–Roubaix, France, 9 April Greg Van Avermaet
77%
Giro d'Italia, Italy, 5–28 May Tom Dumoulin
77%
BinckBank Tour, Belgium/Netherlands, 7–13 August Tom Dumoulin
77%
Tour Down Under, Australia, 17–22 January Richie Porte
74%
Tour de Romandie, Switzerland, 25–30 April Richie Porte
74%
Tirreno–Adriatico, Italy, 8–14 March Nairo Quintana
70%
Strade Bianche, Italy, 4 March Michał Kwiatkowski
68%
Milan–San Remo, Italy, 18 March Michał Kwiatkowski
68%
Clásica de San Sebastián, Spain, 29 July Michał Kwiatkowski
68%
Critérium du Dauphiné, France, 4–11 June Jakob Fuglsang
51%
Eschborn-Frankfurt – Rund um den Finanzplatz, Germany, 1 May Alexander Kristoff
48%
RideLondon–Surrey Classic, United Kingdom, 30 July Alexander Kristoff
48%
EuroEyes Cyclassics, Germany, 20 August Elia Viviani
41%
Bretagne Classic Ouest–France, France, 27 August Elia Viviani
41%
Paris–Nice, France, 5–12 March Sergio Henao
39%
Dwars door Vlaanderen, Belgium, 22 March Yves Lampaert
38%
Tour of Guangxi, China, 19–24 October Tim Wellens
35%
Abu Dhabi Tour, United Arab Emirates, 23–26 February Rui Costa
29%
Tour of California, USA, 14–20 May George Bennett
27%
Tour de Suisse, Switzerland, 10–18 June Simon Špilak
27%
Tour de Pologne, Poland, 29 July  – 4 August Dylan Teuns
23%
GP de Montréal, Canada, 10 September Diego Ulissi
22%
Presidential Tour of Turkey, Turkey, 10–15 October Diego Ulissi
22%
Great Ocean Road Race, Australia, 29 January Nikias Arndt
14%
No matching quizzes found
Score Distribution
Percent of People with Each Score
Percentile by Number Answered
Your Score History
You have not taken this quiz